Véhicule pompier #1 - Statistiques

Statistiques générales
  • Ce quiz a été pris 1 202 fois
  • Le résultat moyen est 5 sur 12
Statistiques - réponses
Par images Réponse % Correct
Véhicule de Secours et d'Assistance aux Victimes
99%
Camion Citerne Feu de forêt
81%
Echelle Pivotante Automatique
72%
Bras Elevateur Aérien
51%
Fourgon Pompe Tonne Secours Routier
51%
Véhicule Léger Hors Route
47%
Fourgon Secours
41%
Camion Citerne Feu de forêt Super
33%
Véhicule Léger Chef De Groupe
20%
Véhicule de BALisage
9%
Véhicule Léger Infirmier
8%
Devidoire Automobile Hors Route
5%
Aucun quiz correspondant
Distribution des résultats
% des personnes avec chaque résultat
Percentile par nombre de réponses
Votre historique - résultats
Vous n’avez pas pris ce quiz